[Event "Rapid Open"]
[Site "Hustopece CZE"]
[Date "2010.06.05"]
[Round "3"]
[White "Movsesian,S"]
[Black "Vokac,M"]
[Result "1-0"]
[WhiteElo "2717"]
[BlackElo "2454"]

1.e4 e5 2.Nf3 Nc6 3.Bc4 Nf6 4.d3 d6 5.Ng5 d5 6.exd5 Na5 7.O-O Nxc4 8.dxc4 h6
9.Nf3 e4 10.Re1 Be7 11.Nd4 O-O 12.h3 Bd6 13.Be3 c6 14.dxc6 bxc6 15.Nxc6 Qc7
16.c5 Bh2+ 17.Kh1 Qxc6 18.Kxh2 Be6 19.Bd4 Rad8 20.c3 Nd7 21.b4 Ne5 22.Nd2 Nd3
23.Rxe4 Bf5 24.Re3 Nxb4 25.Bxg7 Kxg7 26.cxb4 Bg6 27.Qc1 Qf6 28.Nf3 Qf4+ 29.Kg1 Qxb4
30.Ne5 Rd5 31.Nxg6 Rxc5 32.Qd1 fxg6 33.Re7+ Rf7 34.Qd7 Kf6 35.Rd1 Re5 36.Rd6+ Kg5
37.Qd8 Kf5  1-0

[Event "Rapid Open"]
[Site "Hustopece CZE"]
[Date "2010.06.05"]
[Round "4"]
[White "Polak,T"]
[Black "Movsesian,S"]
[Result "0-1"]
[WhiteElo "2525"]
[BlackElo "2717"]

1.d4 Nf6 2.c4 e6 3.Nf3 d5 4.Nc3 dxc4 5.e4 Bb4 6.Bg5 h6 7.Bxf6 Qxf6 8.Bxc4 c5
9.e5 Qd8 10.O-O cxd4 11.Ne4 O-O 12.Qd3 Nc6 13.Bb5 Bd7 14.Rfd1 Rc8 15.Nxd4 Qc7
16.Bxc6 Bxc6 17.Nxc6 Qxc6 18.Nd6 Bxd6 19.exd6 Rfd8 20.Rd2 Rd7 21.Rad1 Qc4
22.Qa3 a6 23.h3 Rc6 24.Rd4 Qc5 25.Qg3 Qg5 26.Qd3 Qe5 27.a3 g6 28.Qd2 Kh7
29.Qd3 Qf5 30.Qe3 Qc5 31.Qg3 b5 32.h4 h5 33.R4d2 Kg8 34.Rd3 Qf5 35.R3d2 Rc4
36.Rd4 Rc2 37.b4 Rc6 38.Qe3 Qf6 39.Qd2 Qe5 40.g3 Kh7 41.Kg2 Rc4 42.Rd3 Qe4+
43.Kh2 e5 44.Re1 Qf5 45.Qe3 Rc2 46.Rd2 Rxd2 47.Qxd2 Rxd6 48.Qe2 Rd3 49.Rc1 Rxa3
50.Rc5 Qf3 51.Qb2 Rd3 52.Rc1 e4 53.Re1 e3 54.Rxe3 Rxe3 55.fxe3 Qxe3 56.Qf6 Qe2+
57.Kg1 Qe6 58.Qf4 Qd7 59.Qe5 Kg8 60.Kh2 Qd2+ 61.Kh3 Qxb4  0-1

[Event "Rapid Open"]
[Site "Hustopece CZE"]
[Date "2010.06.05"]
[Round "5"]
[White "Movsesian,S"]
[Black "Navara,D"]
[Result "1/2-1/2"]
[WhiteElo "2717"]
[BlackElo "2718"]

1.e4 e5 2.Nf3 Nc6 3.Bb5 a6 4.Ba4 Nf6 5.d3 d6 6.O-O g6 7.c4 Bg7 8.Nc3 O-O
9.Bxc6 bxc6 10.d4 exd4 11.Nxd4 Bb7 12.f3 d5 13.exd5 cxd5 14.c5 Nd7 15.c6 Qf6
16.cxb7 Qxd4+ 17.Kh1 Rab8 18.Nxd5 Rxb7 19.Be3 Qxd1 20.Raxd1 Re8 21.Bd4 Bxd4
22.Rxd4 Rxb2 23.Nxc7 Ree2 24.Rxd7 Rxg2 25.Re1 Rxh2+ 26.Kg1 Rbg2+ 27.Kf1 Rxa2
28.Kg1 Rhg2+ 29.Kh1 Rgf2 30.Rd3 Rh2+ 31.Kg1 Rag2+ 32.Kf1 Rc2 33.Kg1 a5 34.Nd5 Rcg2+
35.Kf1 Rf2+ 36.Kg1  1/2-1/2

[Event "Rapid Open"]
[Site "Hustopece CZE"]
[Date "2010.06.05"]
[Round "6"]
[White "Laznicka,V"]
[Black "Movsesian,S"]
[Result "1-0"]
[WhiteElo "2636"]
[BlackElo "2717"]

1.d4 Nf6 2.c4 e6 3.g3 d5 4.Nf3 dxc4 5.Bg2 c5 6.O-O Nc6 7.Ne5 Bd7 8.Na3 cxd4
9.Naxc4 Bc5 10.Qb3 O-O 11.Qxb7 Nxe5 12.Nxe5 Rb8 13.Qf3 Nd5 14.Bg5 f6 15.Qg4 Ne7
16.Rfc1 Bd6 17.Nxd7 Qxd7 18.Bd2 Rxb2 19.Qxd4 Rfb8 20.Qd3 Rd8 21.Ba5 Re8 22.Rc7 Qb5
23.Qxd6 Qxe2 24.Qc5 Nf5 25.Re1 Qd3 26.Be4  1-0

[Event "39th Olympiad Men"]
[Site "Khanty-Mansiysk RUS"]
[Date "2010.09.22"]
[Round "2"]
[White "Movsesian,S"]
[Black "Rozentalis,E"]
[Result "1-0"]
[WhiteElo "2723"]
[BlackElo "2611"]

1.e4 e5 2.Nf3 Nf6 3.Nxe5 d6 4.Nf3 Nxe4 5.d4 Be7 6.Bd3 Ng5 7.Bxg5 Bxg5 8.Qe2+ Kf8
9.Nbd2 Nc6 10.c3 Bxd2+ 11.Nxd2 Qe7 12.Qe3 Bd7 13.O-O Qxe3 14.fxe3 Re8 15.e4 Re7
16.a4 Ke8 17.Nc4 f6 18.b4 Kd8 19.b5 Nb8 20.Ne3 Be6 21.a5 Rhe8 22.c4 c5 23.bxc6 Nxc6
24.d5 Ne5 25.dxe6 Nxd3 26.Nf5 Rc7 27.Rad1 Nc5 28.Rxd6+ Kc8 29.e7 g6 30.e5 gxf5
31.exf6 Ne4 32.f7 Nxd6 33.f8=Q Rxe7 34.Qh6 Nxc4 35.Qf4 Rc7 36.Rc1 Nd6 37.Rd1 Nc4
38.Qxf5+ Kb8 39.Qf4 Kc8 40.Rc1 Nd6 41.Qg4+ Kb8 42.Rxc7 Kxc7 43.Qg7+ Kc6 44.Qxh7 Re5
45.Qc2+ Rc5 46.Qa4+ Kc7 47.Qa3 b6 48.axb6+ axb6 49.h4 Kc6 50.Qf3+  1-0

[Event "TCh-CZE 2010-11"]
[Site "Frydek Mistek CZE"]
[Date "2010.11.06"]
[Round "1.1"]
[White "Navara,D"]
[Black "Movsesian,S"]
[Result "1/2-1/2"]
[WhiteElo "2708"]
[BlackElo "2721"]

1.d4 Nf6 2.c4 e6 3.Nc3 Bb4 4.e3 d5 5.Nf3 O-O 6.Bd3 c5 7.O-O Nc6 8.a3 Bxc3
9.bxc3 Qc7 10.Bb2 Rd8 11.Qe2 b6 12.cxd5 exd5 13.c4 dxc4 14.Bxc4 cxd4 15.Rac1 Bb7
16.Nxd4 Nxd4 17.Bxd4 Qe7 18.Qb2 Ne8 19.f3 Nd6 20.Bxg7 Nxc4 21.Rxc4 Qxe3+
22.Kh1 Qd3 23.Rcc1 Rac8 24.Bf6 Rxc1 25.Qxc1 Rd6 26.Ba1 f6 27.Re1 Bc6 28.h3 Kf7
29.Kh2 Qd2 30.Qc4+ Qd5 31.Qh4 Qf5 32.Bd4 Re6 33.Rc1 h5 34.Rc4 Qg5 35.Qg3 Qxg3+
36.Kxg3 Bb5 37.Rc7+ Re7 38.Rc8 Re8 39.Rc7+ Re7 40.Rc8 Re8 41.Rc3 Rd8 42.Be3 Rd3
43.Rc7+ Kg6 44.Bc1 Rd7 45.Rc8 Rd4 46.Rh8 Rc4 47.Bd2 Rc5 48.Kh4 Bf1 49.Rd8 Rc4+
50.f4 Rc7 51.g3 Bc4 52.g4 hxg4 53.hxg4 Be2 54.Be3 Kf7 55.Bd4 Rc4 56.g5 fxg5+
57.Kxg5 Ra4 58.Bf6 Rxa3 59.Rd7+ Kf8 60.Kg6 Bb5 61.Rf7+ Ke8 62.Bg5 Rd3 63.Re7+ Kf8
64.Rxa7 Rd6+ 65.Bf6 Be8+ 66.Kg5 Rd7 67.Ra6 b5 68.f5 b4 69.Be5 Rd5 70.Kf6 b3
71.Bb2 Rd8 72.Rb6 Bf7 73.Ba3+ Kg8 74.Rb4 Bd5 75.Rg4+ Kh7 76.Ke7 Rb8 77.Rh4+ Kg8
78.Bb2 Rb7+ 79.Kd6 Bf3 80.Rh3 Rb6+ 81.Ke7 Rb7+ 82.Kf6 Rb6+ 83.Kg5 Bd5 84.Rd3 Rb5
85.Kf6 Be4 86.Rd4 Rxf5+ 87.Ke6 Rf8 88.Rxe4  1/2-1/2

[Event "TCh-CZE 2010-11"]
[Site "Frydek Mistek CZE"]
[Date "2010.11.07"]
[Round "2.1"]
[White "Movsesian,S"]
[Black "Yemelin,V"]
[Result "1/2-1/2"]
[WhiteElo "2721"]
[BlackElo "2572"]

1.e4 e6 2.d4 d5 3.Nd2 c5 4.dxc5 Bxc5 5.Nb3 Bb6 6.exd5 Qxd5 7.Qxd5 exd5 8.Bg5 h6
9.Bh4 Ne7 10.Bxe7 Kxe7 11.Nf3 Nc6 12.c3 a5 13.a4 Re8 14.Bb5 Kf6+ 15.Kf1 Bg4
16.Nfd4 Nxd4 17.Nxd4 Re7 18.h3 Bd7 19.Bxd7 Rxd7 20.Nb5 d4 21.Rd1 Rc8 22.g3 Rdd8
23.cxd4 Rc2 24.b3 Rb2 25.Rd3 Re8 26.Nd6 Rd8 27.Nc4 Rb1+ 28.Kg2 Rxh1 29.Kxh1 Bxd4
30.Nxa5 Rd7 31.b4 Ke5 32.Nb3 Rd5 33.Kg2 f5 34.g4 Bb6 35.Rc3 fxg4 36.hxg4 Kd6
37.f4 Rd1 38.Kf3 g5 39.Ke2 Rg1 40.a5 Rg2+ 41.Kd1 Bg1 42.Rd3+ Kc7 43.Rc3+ Kd6
44.fxg5 hxg5 45.Rc4 Kd5 46.Rc7 Rb2 47.Rc3 Rg2 48.Rc7 Rb2 49.Rc3  1/2-1/2

[Event "VI World Blitz"]
[Site "Moscow RUS"]
[Date "2010.11.16"]
[Round "1.9"]
[White "Eljanov,P"]
[Black "Movsesian,S"]
[Result "1-0"]
[WhiteElo "2742"]
[BlackElo "2721"]

1.d4 Nf6 2.c4 e6 3.Nc3 Bb4 4.Qc2 O-O 5.e4 d5 6.e5 Nfd7 7.cxd5 exd5 8.Bd3 h6
9.a3 Bxc3+ 10.bxc3 c5 11.Ne2 Nc6 12.O-O c4 13.Bf5 Ne7 14.Ng3 Nb6 15.Bxc8 Rxc8
16.a4 Re8 17.f4 Rc6 18.f5 f6 19.exf6 Rxf6 20.Nh5 Nd7 21.Nxf6+ Nxf6 22.Bf4 Ne4
23.f6 Nxf6 24.Bxh6 Ne4 25.Bf4 Ng6 26.Rae1 Re6 27.h3 Qd7 28.a5 Nh4 29.Kh2 Rg6
30.g3 Nf5 31.Rxe4 dxe4 32.Qxe4 Ne7 33.Be5 Rh6 34.h4 Nd5 35.Qf3 Rg6 36.h5 Rg5
37.h6 Ne7 38.Qf8+ Kh7 39.hxg7 Rh5+ 40.Kg1 Ng8 41.Qf3 Qh3 42.Rf2 Ne7 43.g4 Qxf3
44.Rxf3 Rg5 45.Rh3+ Kg6 46.Rh4 Kf7 47.Kf2 Ng6 48.Rh8 Ne7 49.Rf8+ Ke6 50.Kf3 Rg6
51.Rb8  1-0

[Event "VI World Blitz"]
[Site "Moscow RUS"]
[Date "2010.11.16"]
[Round "6.2"]
[White "Aronian,L"]
[Black "Movsesian,S"]
[Result "1-0"]
[WhiteElo "2801"]
[BlackElo "2721"]

1.d4 d6 2.Nf3 Nd7 3.c4 e5 4.Nc3 g6 5.Bg5 f6 6.Bh4 c6 7.e4 Qe7 8.Be2 h5 9.h3 Bh6
10.O-O Bf4 11.Qc2 g5 12.Bg3 h4 13.Bxf4 gxf4 14.Rad1 Qg7 15.Kh2 Ne7 16.Qb3 Ng6
17.Qa3 Qe7 18.Rd2 Ndf8 19.Rfd1 Bd7 20.Na4 Rd8 21.c5 dxc5 22.Nxc5 b6 23.Nxd7 Nxd7
24.Qxa7 Rh7 25.dxe5 fxe5 26.Qc7 Qc5 27.Ba6 Re7 28.b4 Qxb4 29.Qxc6 Nf8 30.Bc8 Qc5
31.Bxd7+ Nxd7 32.Qg6+ Kf8 33.Ng5  1-0

[Event "VI World Blitz"]
[Site "Moscow RUS"]
[Date "2010.11.16"]
[Round "8.3"]
[White "Grachev,B"]
[Black "Movsesian,S"]
[Result "1/2-1/2"]
[WhiteElo "2654"]
[BlackElo "2721"]

1.d4 Nf6 2.Nf3 d6 3.h3 c6 4.Bf4 g6 5.e3 Bg7 6.Be2 O-O 7.O-O Nbd7 8.c4 Ne8
9.Nc3 Nc7 10.Bh2 b6 11.b4 Bb7 12.Qb3 e5 13.c5 exd4 14.cxd6 dxc3 15.dxc7 Qe7
16.Rac1 Ne5 17.Nxe5 Bxe5 18.Bxe5 Qxe5 19.Qxc3 Qxc7 20.Bf3 Rac8 21.Rfd1 Qe7
22.Qb3 Rfd8 23.Rxd8+ Rxd8 24.Qa4 a6 25.Qb3 Rc8 26.a4 Rc7 27.Qc3 h5 28.a5 bxa5
29.bxa5 h4 30.Rb1 c5 31.Bxb7 Rxb7 32.Rxb7 Qxb7 33.Qxc5 Qb1+ 34.Kh2 Qb8+ 35.f4 Qb2
36.Qb6 Qf2 37.Qxa6 Qg3+ 38.Kh1 Qe1+ 39.Kh2 Qg3+ 40.Kg1 Qxe3+ 41.Kh1 Qc1+
42.Kh2 Qxf4+ 43.Kh1 Qc1+  1/2-1/2

[Event "VI World Blitz"]
[Site "Moscow RUS"]
[Date "2010.11.17"]
[Round "20.9"]
[White "Movsesian,S"]
[Black "Eljanov,P"]
[Result "0-1"]
[WhiteElo "2721"]
[BlackElo "2742"]

1.e4 c6 2.f4 d5 3.e5 Bf5 4.Nf3 e6 5.c3 c5 6.d3 Nc6 7.Na3 h5 8.Be2 Nh6 9.O-O Be7
10.Nc2 O-O 11.Kh1 Bg4 12.Ne3 Nf5 13.Nxg4 hxg4 14.Ng1 g3 15.h3 d4 16.Bf3 Qd7
17.Be4 f6 18.exf6 Bxf6 19.Bd2 dxc3 20.bxc3 Nd6 21.Bf3 Nf5 22.Qe2 Rad8 23.Be4 Nd6
24.Rf3 Nxe4 25.Qxe4 Qd5 26.Re1 Qxa2 27.Re2 Qd5 28.Qg6 b5 29.Qxg3 b4 30.c4 Qf5
31.Re4 Rxd3 32.Rxd3 Qxe4 33.Rd6 Nd4 34.Rd7 a5 35.Qg4 a4 36.Ra7 a3 37.h4 b3
38.h5 b2 39.h6 Qh7 40.f5 b1=Q 41.fxe6 Qbf5  0-1

[Event "VI World Blitz"]
[Site "Moscow RUS"]
[Date "2010.11.17"]
[Round "25.2"]
[White "Movsesian,S"]
[Black "Aronian,L"]
[Result "0-1"]
[WhiteElo "2721"]
[BlackElo "2801"]

1.e4 e5 2.Nf3 Nc6 3.Bb5 f5 4.Nc3 fxe4 5.Nxe4 Nf6 6.Qe2 d5 7.Nxf6+ gxf6 8.d4 Bg7
9.dxe5 O-O 10.e6 Ne5 11.Bf4 c6 12.Bd3 Nxd3+ 13.Qxd3 Bxe6 14.O-O-O Bg4 15.Rde1 Qa5
16.a3 Rae8 17.Bd2 Qd8 18.Bb4 Rxe1+ 19.Rxe1 Re8 20.h3 Bh5 21.Nh4 Rxe1+ 22.Bxe1 Qe8
23.Bd2 Bg6 24.Nxg6 hxg6 25.Be3 f5 26.c3 a6 27.g4 Qe4 28.Qxe4 dxe4 29.Kd2 Be5
30.Bg5 f4 31.Ke2 Kf7 32.f3 e3 33.h4 c5 34.b3 b5 35.c4 bxc4 36.bxc4 Bc7 37.Kd3 Ke6
38.a4 Kf7 39.h5 gxh5 40.gxh5 Be5 41.Bh4 Bf6 42.Be1 Kg7 43.Ke4 Bg5 44.Kf5 Bh6
45.Ke6 Bg5 46.Kf5 Bh6 47.Bh4 Kf7 48.Ke5 Kg7 49.Kd5 Kf7 50.Kxc5 Ke6 51.Kd4 Kf5
52.c5 Bg7+ 53.Kd3 Be5 54.c6 Bc7 55.Be7 Ke6 56.Bc5 Kf5 57.Bb4 a5 58.Bc3 Kg5
59.Ke4 Kxh5 60.Kf5 Kh4 61.Be1+ Kh3 62.Ke4 Kg2 63.Kd3 Kxf3  0-1

[Event "VI World Blitz"]
[Site "Moscow RUS"]
[Date "2010.11.18"]
[Round "30"]
[White "Nepomniachtchi,I"]
[Black "Movsesian,S"]
[Result "0-1"]
[WhiteElo "2720"]
[BlackElo "2721"]

1.e4 c5 2.Nf3 e6 3.d4 cxd4 4.Nxd4 Nf6 5.Nc3 d6 6.h3 a6 7.g4 h6 8.Bg2 Qc7
9.O-O g5 10.Be3 Nbd7 11.Qe2 Ne5 12.Rad1 Bd7 13.f4 gxf4 14.Rxf4 Be7 15.Qf2 Nh7
16.Nf3 f6 17.Nxe5 dxe5 18.Bb6 Qc6 19.Rf3 O-O 20.Rfd3 Be8 21.Be3 Kg7 22.Qd2 Ng5
23.h4 Nf7 24.Ne2 Rh8 25.Ng3 Rd8 26.Nh5+ Kg6 27.Rf1 Rxd3 28.cxd3 Nd6 29.Qf2 Rf8
30.Rc1 Qd7 31.a4 Kh7 32.Ng3 Rg8 33.Bb6 Qxa4 34.Rc7 Bd7 35.Nh5 Ne8 36.Rxb7 Rxg4
37.Kh2 f5 38.Bh3 Rxh4 39.Bc5 Bxc5 40.Qxc5 Rxh5 41.Kg2 Ng7 42.Qc7 Rg5+ 43.Kf2 Qd1
44.Qxd7 Qd2+ 45.Kf1 Qd1+ 46.Kf2 Qg1+ 47.Ke2 Qh2+ 48.Ke1 Qxh3 49.Kd2 fxe4  0-1

[Event "29th European Blitz"]
[Site "Warsaw POL"]
[Date "2010.12.17"]
[Round "3"]
[White "Movsesian,S"]
[Black "Tazbir,M"]
[Result "1-0"]
[WhiteElo "2721"]
[BlackElo "2527"]

1.e4 d5 2.exd5 Nf6 3.Bb5+ Nbd7 4.d4 Nxd5 5.Nf3 g6 6.O-O Bg7 7.Re1 c6 8.Bd3 O-O
9.c4 Nc7 10.h3 b5 11.Nc3 bxc4 12.Bxc4 Nb6 13.Bb3 Nbd5 14.Ne4 Ne6 15.Neg5 Nec7
16.Ne5 Bb7 17.Ngf3 Ne6 18.Be3 Rc8 19.Rc1 Qd6 20.Qd2 Nxe3 21.Qxe3 c5 22.Nxf7 Rxf7
23.Qxe6 Rf8 24.Qxd6 exd6  1-0

[Event "29th European Blitz"]
[Site "Warsaw POL"]
[Date "2010.12.17"]
[Round "3"]
[White "Tazbir,M"]
[Black "Movsesian,S"]
[Result "1-0"]
[WhiteElo "2527"]
[BlackElo "2721"]

1.c4 e5 2.g3 Nc6 3.Bg2 Bc5 4.Nc3 Nf6 5.e3 O-O 6.Nge2 a6 7.O-O d6 8.a3 h6
9.b4 Ba7 10.Rb1 Be6 11.Nd5 Bxd5 12.cxd5 Ne7 13.Nc3 Qd7 14.d3 c6 15.dxc6 bxc6
16.Bb2 Rfe8 17.Rc1 Qe6 18.Na4 Rac8 19.d4 e4 20.Qe2 Ra8 21.Qc4 Nfd5 22.Nc3 f5
23.Nxd5 cxd5 24.Qe2 Qd7 25.Rc2 Bb6 26.Rfc1 Kh7 27.Bh3 Rf8 28.f4 exf3 29.Qxf3 Qe6
30.Bg2 Rae8 31.Kh1 Rf6 32.Bc3 Qd7 33.Bd2 Qa4 34.Rc3 a5 35.Qd1 Qd7 36.R3c2 axb4
37.Bxb4 Re6 38.Bd2 Ra8 39.Ra2 Ba5 40.Bxa5 Rxa5 41.Qd3 Ra4 42.g4 Rc4 43.Rf1 Rf6
44.gxf5 Qc7 45.e4 Rc3 46.Qe2 dxe4 47.Qxe4 Nc8 48.a4 Qa5 49.Qd5 Qa6 50.a5 Na7
51.Qb7 Qc4 52.Rd2 Nb5 53.a6 Ra3 54.Rdd1 Nxd4 55.a7 Nc2 56.a8=Q Rxa8 57.Qxa8 Ne3  1-0

[Event "29th European Blitz"]
[Site "Warsaw POL"]
[Date "2010.12.17"]
[Round "11"]
[White "Gashimov,V"]
[Black "Movsesian,S"]
[Result "0-1"]
[WhiteElo "2733"]
[BlackElo "2721"]

1.c4 e5 2.g3 Nc6 3.Bg2 Bc5 4.Nc3 Nf6 5.d3 h6 6.Nf3 d6 7.a3 a6 8.O-O O-O 9.b4 Ba7
10.Bb2 Be6 11.Nd2 Qd7 12.Nd5 Ne8 13.e3 Nd8 14.Rc1 c6 15.Nc3 f5 16.Ne2 Nf6
17.c5 Nf7 18.cxd6 Qxd6 19.Nc4 Qc7 20.Qc2 Rad8 21.Kh1 Rfe8 22.Ng1 Bd5 23.e4 fxe4
24.dxe4 Bxc4 25.Qxc4 Bd4 26.Qb3 Bxb2 27.Qxb2 Ng5 28.Rfe1 Rd3 29.Bf1 Rd4 30.f3 Red8
31.Rc2 Kh8 32.Bc4 Qb6 33.h4 Rd1 34.Rce2 Ngh7 35.Qxe5 R1d4 36.Ba2 Re8 37.Qf5 Qc7
38.e5 Nd5 39.Bxd5 Rxd5 40.f4 Rf8 41.Qe4 Qd7 42.Kg2 Qe6 43.Nf3 Qg4 44.Rd2 Rfd8
45.Rxd5 Rxd5 46.e6 Rd8 47.Ne5 Rd2+ 48.Re2 Rxe2+ 49.Kf1 Rxe4 50.Nxg4 Rxe6
51.Kf2 Nf6  0-1

[Event "29th European Blitz"]
[Site "Warsaw POL"]
[Date "2010.12.17"]
[Round "11"]
[White "Movsesian,S"]
[Black "Gashimov,V"]
[Result "0-1"]
[WhiteElo "2721"]
[BlackElo "2733"]

1.e4 c5 2.Nf3 g6 3.c3 Bg7 4.d4 cxd4 5.cxd4 d5 6.e5 Nh6 7.h3 O-O 8.Nc3 Nc6
9.Be2 Bf5 10.O-O Be4 11.Ng5 Qb6 12.Be3 Nf5 13.Na4 Qa5 14.g4 Bc2 15.Qxc2 Nfxd4
16.Bxd4 Nxd4 17.b4 Qxb4 18.Qd3 Qxa4 19.Bd1 Qc4 20.Qe3 Rac8 21.Bb3 Nxb3 22.axb3 Qc3
23.Rxa7 Bxe5 24.Rxb7 Bf6 25.Nf3 e6 26.Re1 Qxe3 27.Rxe3 Rb8 28.Ra7 Ra8 29.Rb7 Rfb8
30.Rxb8+ Rxb8 31.Kf1 Kf8 32.Ke2 Ke7 33.Rd3 Kd6 34.Nd2 Bg7 35.f3 Kc5 36.Kd1 g5
37.Re3 Ra8 38.Kc2 Ra2+ 39.Kd3 Ra1 40.Re2 Bf6 41.Rh2 Be5 42.Re2 Bf4 43.Kc3 Rc1+
44.Kb2 Rd1 45.Nb1 Rd3 46.Rc2+ Kb4 47.Nc3 Rxc3  0-1

[Event "European Rapid Championship"]
[Site "Warsaw POL"]
[Date "2010.12.18"]
[Round "1"]
[White "Movsesian,S"]
[Black "Blaszkiewicz,M"]
[Result "1-0"]
[WhiteElo "2721"]
[BlackElo "1891"]

1.e4 e5 2.Nf3 Nc6 3.Bc4 Bc5 4.O-O Nf6 5.d3 O-O 6.Bb3 d6 7.c3 Bb6 8.Nbd2 Ne7
9.Nc4 Ng6 10.h3 Be6 11.Ng5 Bxc4 12.Bxc4 h6 13.Nf3 d5 14.exd5 Nxd5 15.Re1 Qd6
16.Nd2 f5 17.Bb3 Qc5 18.Qf3 c6 19.Rf1 Kh8 20.Nc4 Bc7 21.a4 Rad8 22.g3 Rf6
23.Qh5 Kh7 24.Bg5 Ngf4 25.gxf4 Rg6 26.Kh1 Rf8 27.Rg1 Qxf2 28.Qxg6+ Kxg6 29.Bh4+ Qxg1+
30.Rxg1+ Kh7 31.fxe5 g5 32.Bf2 Nf4 33.Rg3 b5 34.axb5 cxb5 35.Nd6 a5 36.Bc5 Rd8
37.d4 b4 38.cxb4 axb4 39.Re3 g4 40.hxg4 fxg4 41.e6 Ng6 42.e7  1-0

[Event "European Rapid Championship"]
[Site "Warsaw POL"]
[Date "2010.12.18"]
[Round "2"]
[White "Antkowiak,G"]
[Black "Movsesian,S"]
[Result "1/2-1/2"]
[WhiteElo "2210"]
[BlackElo "2721"]

1.e4 c5 2.c3 Qa5 3.Nf3 Nc6 4.d3 d6 5.g3 g6 6.Bg2 Bg7 7.O-O e5 8.Be3 Nge7
9.d4 cxd4 10.cxd4 Bg4 11.dxe5 dxe5 12.h3 Be6 13.Nc3 O-O 14.Qa4 Qxa4 15.Nxa4 b6
16.b3 Nb4 17.Bd2 Nd3 18.Rfd1 Rfd8 19.Bf1 f6 20.Bc3 Nc5 21.Nxc5 bxc5 22.Ba5 Rxd1
23.Rxd1 Kf7 24.Bc4 Bxc4 25.bxc4 Ke6 26.Bc7 Rc8 27.Rd6+ Kf7 28.Ba5 Bf8 29.Rd7 a6
30.Ra7 Rc6 31.Bd8 Rd6 32.Bxe7 Bxe7 33.Kg2 Rb6 34.a3 Ke6 35.Nd2 f5 36.Nf1 f4
37.Nd2 fxg3 38.Kxg3 Bg5 39.Nf3 Bf4+ 40.Kg2 h5 41.h4 Kf6 42.a4 Rb4 43.Rxa6+ Kg7
44.Re6 Rxc4 45.Nxe5 Rxe4 46.Rxg6+ Kh7 47.Kf3 Rxa4 48.Re6 Bh6 49.Rc6 Rf4+
50.Kg3 Rf5 51.Nd3 Bf8 52.f4 Rd5 53.Ne5 Bd6 54.Kf3 Rd4 55.Ke3 Bf8 56.Nd3 Rc4
57.Ne5 Rc1 58.Ke4 Bg7 59.Rc7 Rc2 60.Kf5 Kg8 61.Rc8+ Kh7 62.Rc7  1/2-1/2

[Event "European Rapid Championship"]
[Site "Warsaw POL"]
[Date "2010.12.18"]
[Round "4"]
[White "Pankov,Ger"]
[Black "Movsesian,S"]
[Result "1/2-1/2"]
[WhiteElo "2368"]
[BlackElo "2721"]

1.d4 Nf6 2.Nf3 e6 3.c4 d5 4.e3 a6 5.Nbd2 c5 6.cxd5 exd5 7.Bd3 c4 8.Bb1 Nc6
9.O-O Bg4 10.h3 Bh5 11.e4 Bb4 12.exd5 Qxd5 13.Qe2+ Kf8 14.g4 Bxd2 15.Nxd2 Nxd4
16.Qxc4 Bg6 17.Qxd5 Nxd5 18.Nb3 Nxb3 19.axb3 Bxb1 20.Rxb1 Ke7 21.Re1+ Kf6
22.Bd2 h5 23.Kg2 hxg4 24.hxg4 Rh4 25.Kg3 Rah8 26.Bg5+ Kxg5 27.Re5+ Kg6 28.Rxd5 Rh3+
29.Kf4 Rxb3 30.Rg5+ Kf6 31.Rf5+ Ke7 32.Re1+ Kf8 33.Rd5 Rb4+ 34.Kg3 g6 35.Rd7 Rh7
36.Rd8+ Kg7 37.Re7 Kf6 38.Rdd7 b6 39.Ra7 a5 40.Reb7 Kg5 41.f3 Rxb2 42.Rxa5+ bxa5
43.Rxb2 f5 44.f4+ Kf6 45.Rb6+ Kf7 46.Ra6 Rh1 47.gxf5 gxf5 48.Rxa5  1/2-1/2

[Event "European Rapid Championship"]
[Site "Warsaw POL"]
[Date "2010.12.18"]
[Round "5"]
[White "Movsesian,S"]
[Black "Dudzinski,Pi"]
[Result "1-0"]
[WhiteElo "2721"]
[BlackElo "2310"]

1.e4 e6 2.d4 d5 3.e5 c5 4.c3 Nc6 5.Nf3 Qb6 6.Be2 Nge7 7.Na3 cxd4 8.cxd4 Nf5
9.Nc2 Be7 10.h4 h5 11.g3 Bd7 12.O-O g6 13.Kg2 Rc8 14.Rb1 Na5 15.Ne3 Nxe3+
16.Bxe3 Bb5 17.Bxb5+ Qxb5 18.Bg5 Qd7 19.Qd2 b6 20.Bf6 Bxf6 21.exf6 Nc4 22.Qf4 Qc7
23.Qg5 Nd6 24.Rbc1 Qd8 25.Rxc8 Qxc8 26.Rc1 Qd8 27.Qe5 O-O 28.g4 hxg4 29.Nh2 Nf5
30.Nxg4 Qb8 31.Qxb8 Rxb8 32.Rc7 Rf8 33.Rxa7 Kh7 34.Ne5 Nxh4+ 35.Kh3 g5 36.Nxf7 Kg6
37.Ne5+ Kf5 38.f7 Ng6 39.Nxg6 Kxg6 40.Kg4 Rh8 41.Rb7 Rh4+ 42.Kg3 Kg7 43.Rxb6 Kxf7
44.Rb4 e5 45.Rb7+ Ke6 46.dxe5 Kxe5 47.b4 Rc4 48.a4 Rc3+ 49.Kg2 Ra3 50.a5 d4
51.Re7+ Kf4 52.Rd7 Ke4 53.Re7+ Kf4 54.Kf1 Ra4 55.Rb7 d3 56.Ke1 Ra2 57.Rb6 Re2+
58.Kd1 g4 59.a6 Ra2 60.b5 Ke4 61.Rb7 d2 62.Ke2 Kd4 63.a7 Kc3 64.Rc7+  1-0

[Event "European Rapid Championship"]
[Site "Warsaw POL"]
[Date "2010.12.18"]
[Round "7"]
[White "Movsesian,S"]
[Black "Piorun,K"]
[Result "1-0"]
[WhiteElo "2721"]
[BlackElo "2513"]

1.e4 d5 2.exd5 Qxd5 3.Nf3 Nf6 4.d4 Qd8 5.c4 e6 6.Nc3 Be7 7.Be2 O-O 8.O-O b6
9.Ne5 Bb7 10.Bf3 Qc8 11.Bf4 Rd8 12.Re1 c6 13.Bg5 Nbd7 14.Qe2 Re8 15.Nxf7 Kxf7
16.Qxe6+ Kf8 17.Bh5 Ne5 18.Qxe5  1-0

[Event "European Rapid Championship"]
[Site "Warsaw POL"]
[Date "2010.12.18"]
[Round "8"]
[White "Movsesian,S"]
[Black "Halkias,S"]
[Result "0-1"]
[WhiteElo "2721"]
[BlackElo "2578"]

1.e4 c5 2.Nf3 e6 3.d4 cxd4 4.Nxd4 Nf6 5.Nc3 Nc6 6.Ndb5 d6 7.Bf4 e5 8.Bg5 a6
9.Na3 b5 10.Nd5 Be7 11.Bxf6 Bxf6 12.c4 b4 13.Nc2 a5 14.Be2 O-O 15.O-O Bg5
16.Qd3 Be6 17.Rfd1 Bxd5 18.Qxd5 Qb6 19.b3 Rfd8 20.g3 Qc7 21.h4 Bh6 22.Kg2 Ne7
23.Qd3 Kh8 24.a3 Rab8 25.axb4 axb4 26.Ra6 Rb6 27.Rda1 g6 28.Ra7 Rb7 29.Rxb7 Qxb7
30.Ra4 Nc6 31.Qd5 Rb8 32.Kf1 Bf8 33.h5 Kg8 34.f4 exf4 35.gxf4 Qd7 36.Kg2 Ne7
37.Qd3 Bh6 38.Kg3 gxh5 39.Bxh5 Kh8 40.f5 Nc6 41.Nd4 Rg8+ 42.Kf2 Qe7 43.Nf3 Ne5
44.Qd4 Qf6 45.Bxf7 Qxf7 46.Nxe5 dxe5 47.Qxe5+ Bg7 48.Qe6 Qh5 49.e5 Qh2+ 50.Ke3 Bxe5
51.Ke4 Qf4+ 52.Kd5 Rd8+ 53.Kc5 Qd4+ 54.Kb5 Rb8+ 55.Ka6 Bd6 56.c5 Bxc5  0-1

[Event "European Rapid Championship"]
[Site "Warsaw POL"]
[Date "2010.12.19"]
[Round "9"]
[White "Malakhov,I"]
[Black "Movsesian,S"]
[Result "0-1"]
[WhiteElo "2425"]
[BlackElo "2721"]

1.c4 e5 2.Nc3 Nc6 3.g3 Bc5 4.Bg2 Nf6 5.e3 O-O 6.Nge2 a6 7.O-O d6 8.b3 Ba7
9.Bb2 Bf5 10.d3 Qd7 11.Qd2 Bh3 12.Rae1 Bxg2 13.Kxg2 d5 14.cxd5 Nxd5 15.Nxd5 Qxd5+
16.e4 Qd6 17.Rd1 Rad8 18.f4 f5 19.Qc2 Kh8 20.fxe5 Nxe5 21.Qc3 Rde8 22.g4 fxg4
23.Rxf8+ Qxf8 24.Rf1 Nf3 25.Qxc7 Ne1+ 26.Kg3 Bb8 27.Rxf8+ Rxf8 28.Bxg7+ Kg8
29.Qxb8 Rxb8 30.Be5 Re8 31.d4 Nd3 32.Kxg4 Nxe5+ 33.dxe5 Rxe5 34.Kf4 Rh5 35.Kg3 Kf7
36.Nf4 Ra5 37.a4 b5 38.axb5 Rxb5  0-1

[Event "European Rapid Championship"]
[Site "Warsaw POL"]
[Date "2010.12.19"]
[Round "12"]
[White "Kempinski,R"]
[Black "Movsesian,S"]
[Result "0-1"]
[WhiteElo "2597"]
[BlackElo "2721"]

1.d4 Nf6 2.c4 d6 3.g3 Nbd7 4.Bg2 e5 5.Nf3 c6 6.O-O Be7 7.Nc3 O-O 8.Qc2 Re8
9.Rd1 Bf8 10.dxe5 dxe5 11.h3 Qc7 12.Be3 a5 13.Na4 h6 14.Rd2 b6 15.Nh4 Bb7
16.Nf5 Nc5 17.Nxc5 bxc5 18.Rad1 Re6 19.Rd3 Ba6 20.Ra3 Bb7 21.Qd2 h5 22.Nh4 g6
23.Nf3 Rd6 24.Qc2 Rd4 25.Bxd4 cxd4 26.Rb3 Bc8 27.Ng5 Bf5 28.Ne4 Kg7 29.c5 a4
30.Rb6 Nd5 31.Rc1 Nxb6 32.cxb6 Qxb6 33.Qxc6 Qxc6 34.Rxc6 Rb8 35.Rc7 Be6 36.Ng5 Bxa2
37.Nxf7 Kf6 38.Nh8 Bd6 39.Rc6 Ke6 40.Nxg6 Bb1 41.Nh4 Rxb2 42.Ra6 a3 43.f4 exf4
44.Nf3 a2 45.Nxd4+ Kd7 46.Bc6+ Ke7 47.Ra7+ Kf6 48.Ra6 Bc5 49.e3 fxe3  0-1

[Event "TCh-CZE 2010-11"]
[Site "Czech Rep CZE"]
[Date "2011.01.22"]
[Round "6.1"]
[White "Miton,K"]
[Black "Movsesian,S"]
[Result "1/2-1/2"]
[WhiteElo "2616"]
[BlackElo "2721"]

1.d4 Nf6 2.c4 e6 3.Nf3 d5 4.g3 Bb4+ 5.Bd2 Be7 6.Bg2 c6 7.Qc2 Nbd7 8.O-O O-O
9.Bf4 b6 10.Rd1 Bb7 11.Nc3 dxc4 12.Nd2 Nd5 13.Nxc4 Nxf4 14.gxf4 Qc7 15.e3 Rad8
16.a4 Bb4 17.Qb3 Bxc3 18.bxc3 c5 19.d5 exd5 20.Bxd5 Bxd5 21.Rxd5 Nf6 22.Rxd8 Rxd8  1/2-1/2

[Event "TCh-CZE 2010-11"]
[Site "Czech Rep CZE"]
[Date "2011.01.23"]
[Round "7.1"]
[White "Movsesian,S"]
[Black "Polak,T"]
[Result "1/2-1/2"]
[WhiteElo "2721"]
[BlackElo "2532"]

1.e4 c6 2.d4 d5 3.e5 Bf5 4.Nf3 e6 5.Be2 Nd7 6.O-O Bg6 7.a4 Nh6 8.Nbd2 a5
9.c3 Be7 10.Ne1 f6 11.exf6 gxf6 12.Ndf3 Nf7 13.Nh4 Qc7 14.g3 O-O-O 15.Neg2 Nf8
16.Re1 Kb8 17.Bg4 e5 18.Nf5 Bxf5 19.Bxf5 Nd6 20.Bh3 Ng6 21.Qh5 Ka8 22.Ne3 exd4
23.cxd4 Ne4 24.Nf5 Bb4 25.Re2 Rde8 26.Be3 Rhg8 27.Rc1 Rgf8 28.Bg2 Qf7 29.Rec2 Ne5
30.Qd1 Nc4 31.Bh6 Rh8 32.Bf4 Qd7 33.Qh5 Ng5 34.Ne3 Nxe3 35.Bxe3 Ne4 36.Bh3 Qg7
37.Bf5 Nd6 38.Bd3 Qd7 39.Bf4 Re7 40.Qh6 Qd8 41.Kg2 Qf8 42.Qh5 Qe8 43.Qf3 Ne4
44.Re2 h5 45.h4 Rg8 46.Rcc2 Rg4 47.Kf1 Qg6 48.Bxe4 dxe4 49.Qe3 Qf5 50.Rc4 Rg8
51.Rec2 Rd8 52.Kg2 Rd5 53.b3 Qg4 54.Rc1 Ka7 55.R1c2 Ka8 56.Rc1 Ka7 57.R1c2  1/2-1/2

[Event "Schachbundesliga 2010-11"]
[Site "Eppingen GER"]
[Date "2011.02.05"]
[Round "8"]
[White "Vasilevich,T"]
[Black "Movsesian,S"]
[Result "0-1"]
[WhiteElo "2399"]
[BlackElo "2723"]

1.d4 d6 2.g3 g6 3.Bg2 Bg7 4.c4 Nf6 5.Nc3 O-O 6.h3 Nc6 7.e3 Bd7 8.Nge2 Qc8
9.b3 e5 10.Kf1 h5 11.Kg1 Nh7 12.Kh2 Ng5 13.d5 Ne7 14.e4 Nh7 15.Rf1 f5 16.exf5 gxf5
17.f4 Ng6 18.Be3 Qe8 19.Qd2 h4 20.gxh4 Nxh4 21.Bh1 Nf6 22.Ng3 Qg6 23.Nce2 Kf7
24.Rac1 Rh8 25.Kg1 e4 26.Kf2 Nf3 27.Bxf3 exf3 28.Kxf3 Rxh3 29.Rh1 Ne4 30.Qe1 Qg4+
31.Kg2 Rxh1 32.Qxh1 Rh8 33.Qe1 Bf6 34.b4 Qh3+ 35.Kf3 Re8 36.Rc2 Ba4 37.Rc1 Bh4
38.Bf2 Qg4+ 39.Kg2 Nxg3  0-1